Online
Catalog

Versos del alma / Gerardo Muños Miranda. (Record no. 18707)

MARC details
000 -CABECERA
campo de control de longitud fija 00656nam a2200205 a 4500
001 - NÚMERO DE CONTROL
campo de control 000019189
005 - FECHA Y HORA DE LA ÚLTIMA TRANSACCIÓN
campo de control 20210505111054.0
008 - DATOS DE LONGITUD FIJA--INFORMACIÓN GENERAL
campo de control de longitud fija 100528s2006 pr 000 p spa d
020 ## - NÚMERO INTERNACIONAL ESTÁNDAR DEL LIBRO
Número Internacional Estándar del Libro 9993432065
040 ## - FUENTE DE LA CATALOGACIÓN
Centro catalogador/agencia de origen DO-SdBNP
Lengua de catalogación spa
Centro/agencia transcriptor BNPHU
082 ## - NÚMERO DE LA CLASIFICACIÓN DECIMAL DEWEY
Número de clasificación PR861.5
Número de documento/Ítem M971v
049 ## - FONDOS LOCALES (OCLC)
Fondos de biblioteca BNGR
100 1# - ENTRADA PRINCIPAL--NOMBRE DE PERSONA
Nombre de persona Muñoz Miranda, Gerardo,
Fechas asociadas al nombre 1966 -
9 (RLIN) 25494
245 10 - MENCIÓN DE TÍTULO
Título Versos del alma / Gerardo Muños Miranda.
260 ## - PUBLICACIÓN, DISTRIBUCIÓN, ETC.
Lugar de publicación, distribución, etc. Puerto Rico :
Nombre del editor, distribuidor, etc. Publisa Editorial,
Fecha de publicación, distribución, etc. 2006.
300 ## - DESCRIPCIÓN FÍSICA
Extensión 102 p. ;
Dimensiones 22 cm.
500 ## - NOTA GENERAL
Nota general Incluye datos biográficos del autor en la solapa de la portada.
650 #4 - PUNTO DE ACCESO ADICIONAL DE MATERIA--TÉRMINO DE MATERIA
Término de materia o nombre geográfico como elemento de entrada Poesía puertorriqueña
9 (RLIN) 1015
650 #0 - PUNTO DE ACCESO ADICIONAL DE MATERIA--TÉRMINO DE MATERIA
Término de materia o nombre geográfico como elemento de entrada Literatura puertorriqueña
9 (RLIN) 41299
Holdings
Estado de retiro Estado de pérdida Restricciones de uso No para préstamo Código de colección Localización permanente Ubicación/localización actual Ubicación en estantería Fecha de adquisición Número de inventario Total de préstamos Signatura topográfica completa Código de barras Fecha visto por última vez Precio válido a partir de Tipo de ítem Koha Número de copia
        Monografías: Libros y Folletos General General En catalogación 28.05.2010 LF1   PR861.5 M971v 19189-10 25.06.2020 25.06.2020 Préstamo en sala  
      Préstamo restrigido Monografías: Libros y Folletos General General En catalogación 07.12.2010 LF1   PR861.5 M971v 19189-20 25.06.2020 25.06.2020 Préstamo en sala e.2

Powered by Koha